000 01006nam a2200241Ia 4500
003 Ost
005 20260507075250.0
008 260507s9999||||xx |||||||||||||| ||und||
020 _a9789957123055
040 _cfsecg
041 _aara
082 _a330
100 _aالعلاق، بشير
_eمؤلف
245 0 _aإدارة العمليات التسويقية و نشاطاتها /
_c بشير العلاق
260 _aعمان:
_bدار اليازوري,
_c2009
300 _a188 صفحة؛
_c24 سم
504 _aمراجع ص.185
520 _aادارة عمليات البيع الشخصي و نشاطاته و ادارة عمليات التسويق الدولي الالكتروني و نشاطاتهو ادارة عمليات التجارة الاليكترونية و نشاطاتها مع وجود أسئلة للمناقشة عند نهاية كل فصل.
653 _aأدارة المبيعات
653 _aالادارة
653 _aالتسويق
942 _cكتاب
999 _c43684
_d43684